| 000 | 00567cam a22001932 4500 | ||
|---|---|---|---|
| 001 | 0000001461 | ||
| 005 | 20151217155809.0 | ||
| 008 | 070312s xx 000 0 eng d | ||
| 040 |
_aKABU _cKABU |
||
| 050 | 0 |
_aHC865 _b.M33 |
|
| 100 | 1 |
_aMbaru, Jimnah. _@0000150240 |
|
| 245 | 1 | 0 |
_aTransforming Africa : _bnew pathways to development / _cJimnah Mbaru. |
| 260 |
_aNairobi : _bE.A.E.P, _c2003. |
||
| 300 | _axix, 538 p. | ||
| 651 | 0 |
_aKenya _xEconomic policy. _@0000150198 |
|
| 908 | _a070312 | ||
| 950 | _@1 | ||
| 999 |
_c12547 _d12547 |
||